The Scottish tartans: (Record no. 121629)
[ view plain ]
| 000 -LEADER | |
|---|---|
| fixed length control field | 00770cam a22002291 4500 |
| 001 - CONTROL NUMBER | |
| control field | 10193441 |
| 003 - CONTROL NUMBER IDENTIFIER | |
| control field | ARRUPE |
| 005 - DATE AND TIME OF LATEST TRANSACTION | |
| control field | 20150129115139.0 |
| 008 - FIXED-LENGTH DATA ELEMENTS--GENERAL INFORMATION | |
| fixed length control field | 760826q19001976stka 000 0 eng |
| 010 ## - LIBRARY OF CONGRESS CONTROL NUMBER | |
| LC control number | 41031742 |
| 035 ## - SYSTEM CONTROL NUMBER | |
| System control number | (OCoLC)2397098 |
| 040 ## - CATALOGING SOURCE | |
| Original cataloging agency | DLC |
| Transcribing agency | GU |
| Modifying agency | OCoLC |
| -- | DLC |
| 050 00 - LIBRARY OF CONGRESS CALL NUMBER | |
| Classification number | SPC DA880.M645 |
| 082 00 - DEWEY DECIMAL CLASSIFICATION NUMBER | |
| Classification number | 929/.2/09411 |
| 300 ## - PHYSICAL DESCRIPTION | |
| Other physical details | col. illus. (incl. coats of arms) |
| Dimensions | 11 x 16cm. |
| 100 ## - MAIN ENTRY--PERSONAL NAME | |
| Personal name | Miller and Lang |
| 9 (RLIN) | 13847 |
| 245 04 - TITLE STATEMENT | |
| Title | The Scottish tartans: |
| Remainder of title | with historical sketches of the clans and families of Scotland, the badges, arms, slogans, etc., of the clans. |
| 260 ## - PUBLICATION, DISTRIBUTION, ETC. (IMPRINT) | |
| Place of publication, distribution, etc | Glasgow, |
| Name of publisher, distributor, etc | Millar & Lang, |
| Date of publication, distribution, etc | [19-?] |
| 300 ## - PHYSICAL DESCRIPTION | |
| Extent | [3] 120 p. |
| 650 #0 - SUBJECT ADDED ENTRY--TOPICAL TERM | |
| Topical term or geographic name as entry element | Tartans |
| Geographic subdivision | Scottish |
| 9 (RLIN) | 13848 |
| 906 ## - LOCAL DATA ELEMENT F, LDF (RLIN) | |
| a | 7 |
| b | cbc |
| c | oclcrpl |
| d | u |
| e | ncip |
| f | 19 |
| g | y-gencatlg |
| 942 ## - ADDED ENTRY ELEMENTS (KOHA) | |
| Source of classification or shelving scheme | Library of Congress Classification |
| Koha item type | SPC |
| Withdrawn status | Lost status | Source of classification or shelving scheme | Damaged status | Not for loan | Home library | Current library | Date acquired | Total Checkouts | Full call number | Barcode | Date last seen | Price effective from | Koha item type |
|---|---|---|---|---|---|---|---|---|---|---|---|---|---|
| Library of Congress Classification | ARRUPE LIBRARY | ARRUPE LIBRARY | 13/01/2015 | SPC DA880.M645 | 46500003276 | 13/01/2015 | 13/01/2015 | SPC |